书目信息 |
| 题名: |
有机食品营养强化剂
|
|
| 作者: | 汪多仁 编著 | |
| 分册: | ||
| 出版信息: | 北京 科学技术文献出版社 2008 |
|
| 页数: | 436页 | |
| 开本: | 21cm | |
| 丛书名: | ||
| 单 册: | ||
| 中图分类: | TS202.3 | |
| 科图分类: | ||
| 主题词: | 绿色食品--食品添加剂 , 绿色食品 , 食品添加剂 | |
| 电子资源: | ||
| ISBN: | 978-7-5023-6013-9 | |
| 000 | 00803nam0 2200253 45 | |
| 001 | 1050946718 | |
| 005 | 20100420100401.52 | |
| 010 | @a978-7-5023-6013-9@dCNY25.00 | |
| 100 | @a20100409d2008 em y0chiy50 ea | |
| 101 | 0 | @achi |
| 102 | @aCN@b110000 | |
| 105 | @ay z 000yy | |
| 106 | @ar | |
| 200 | 1 | @a有机食品营养强化剂@AYou Ji Shi Pin Ying Yang Qiang Hua Ji@f汪多仁编著@FWang Duo Ren Bian Zhu |
| 210 | @a北京@c科学技术文献出版社@d2008 | |
| 215 | @a436页@d21cm | |
| 330 | @a本书介绍了多种有机食品营养强化剂的理化性质、生产工艺、质量标准、实际应用、市场展望等内容。 | |
| 606 | 0 | @a绿色食品@x食品添加剂 |
| 606 | 0 | @a绿色食品 |
| 606 | 0 | @a食品添加剂 |
| 690 | @aTS202.3@v4 | |
| 701 | 0 | @a汪多仁@AWang Duo Ren@4编著 |
| 801 | 0 | @aCN@bTANGWEI@c20100420 |
| 905 | @b0592032-36@dTS202.3@e127@f5 | |
| 有机食品营养强化剂/汪多仁编著.-北京:科学技术文献出版社,2008 |
| 436页;21cm |
| ISBN 978-7-5023-6013-9:CNY25.00 |
| 本书介绍了多种有机食品营养强化剂的理化性质、生产工艺、质量标准、实际应用、市场展望等内容。 |
| ● |
| 相关链接 |
|
|
|
|
正题名:有机食品营养强化剂
索取号:TS202.3/127
 
预约/预借
| 序号 | 登录号 | 条形码 | 馆藏地/架位号 | 状态 | 备注 |
| 1 | 0592032 | 205920324 | 第二样本阅览室/ [索取号:TS202.3/127] | 在馆 | |
| 2 | 0592033 | 205920333 | 第三借阅区/ [索取号:TS202.3/127] | 在馆 | |
| 3 | 0592034 | 205920342 | 生命科学系资料室/ [索取号:TS202.3/127] | 在馆 | |
| 4 | 0592035 | 205920351 | 第三借阅区/ [索取号:TS202.3/127] | 在馆 | |
| 5 | 0592036 | 205920360 | 第三借阅区/ [索取号:TS202.3/127] | 在馆 |